| 000 | 01392nam0a2200337 4500 | ||
|---|---|---|---|
| 001 | RU\NLR\bibl\562478 | ||
| 005 | 20250609163020.0 | ||
| 010 |
_a5-900205-41-Х _9200 |
||
| 021 |
_aRU _b2004-52625 _92584 |
||
| 035 | _a(NLR Aleph) 000554586 | ||
| 090 |
_a1493872 _c1493872 |
||
| 100 | _a20041013d2004 |||y0rusy50 ca | ||
| 101 | 0 | _arus | |
| 102 | _aRU | ||
| 105 | _aa ||||||||| | ||
| 200 | 1 |
_aСреднерусские пчелы и их селекция _fН.И. Кривцов, Н.Н. Гранкин |
|
| 210 |
_aРыбное _cНИИ пчеловодства _d2004 |
||
| 215 |
_a139,[1] с. _cил. _d20 |
||
| 320 | _aБиблиогр.: с. 119-121 | ||
| 320 | _aСреднерусские пчелы: (Библиогр. описание лит. источников) / Сост. Л.Н. Савушкина, А.И. Лазарева: с. 122-137 (255 назв.) | ||
| 606 | 0 |
_aСреднерусская порода пчел _xСелекция _91668999 _3RU\NLR\auth\661038895 |
|
| 686 | _aП691.3среднерусские-334 | ||
| 700 | 1 |
_4070 _7ca _8rus _aКривцов _bН. И. _cд-р с.-х. наук _f1945-2011 _gНиколай Иванович _9246363 _3RU\NLR\AUTH\770246419 |
|
| 701 | 1 |
_aГранкин _bН. Н. _4070 |
|
| 801 | 0 |
_aRU _bNLR _c20041013 _gPSBO |
|
| 801 | 1 |
_aRU _bNLR _c20041013 |
|
| 942 | _cBOOK | ||
| 980 | _aNB | ||
| 980 | _aNBR | ||